| 000 | 00400nam a2200181Ia 4500 | ||
|---|---|---|---|
| 001 | 820 | ||
| 005 | 20260306140546.0 | ||
| 008 | 260306t1997||||xx |||||||||||||| ||spa|| | ||
| 041 | _aESP | ||
| 082 |
_a170 _bH53 |
||
| 100 |
_aVon Hildebrand, Dietrich _eAUT |
||
| 245 | 0 | _aÉtica | |
| 260 | _c1997 | ||
| 300 |
_a461 páginas : _c23 cm. |
||
| 650 | _aGEN | ||
| 654 | _aCHU | ||
| 942 |
_cLIB _dJUS _fJUS _2ddc _n |
||
| 999 |
_c820 _d820 |
||